La vida cotidiana de los monjes de la edad media

Gespeichert in:
Bibliographische Detailangaben
1. Verfasser: Linage Conde, Antonio (autor)
Format: Buch
Sprache:Spanisch
Veröffentlicht: Madrid Complutense 2007
Schriftenreihe:La Mirada de la Historia
Schlagworte:
Tags: Tag hinzufügen
Keine Tags, Fügen Sie den ersten Tag hinzu!

MARC

LEADER 00000nam a2200000 a 4500
001 UCI8828
003 CL-VaPUC
008 081009e20070000SP |||||||||||||||||spa|d
020 |a 9788474919004 
082 0 4 |a 271  |b LIN  |2 21 
100 |a Linage Conde, Antonio  |e autor  |9 532448 
245 1 3 |a La vida cotidiana de los monjes de la edad media 
300 |a 488 p 
942 |c BK 
945 |d 20081009 00:00:00  |a rbrito 
260 |a Madrid  |b Complutense  |c 2007 
650 0 |a Monjes   |9 345241 
650 0 |a Edad media  |9 258041 
650 0 |a Monasterios  |9 443493 
650 0 |a Órdenes religiosas  |9 257499 
650 0 |a Civilización medieval   |9 265320 
650 0 |a Vida religiosa  |9 257284 
583 |a last modification  |c 20081009 00:00:00  |k Rodrigo Vera 
490 0 |a La Mirada de la Historia 
999 |c 331594  |d 331592 
952 |0 0  |1 0  |4 0  |6 271_000000000000000_LIN_2007  |7 0  |8 A  |9 418362  |a BIBHIS  |b BIBHIS  |d 2019-11-22  |i 4486080  |l 1  |o 271 LIN 2007  |p 4486080  |r 2025-01-20  |s 2022-03-22  |w 2019-11-22  |y BK  |k HIS